[Event "Villarobledo Online Qualifyer"]
[Site "playchess.com #155672"]
[Date "2009.05.23"]
[Round "4"]
[White "Musterlukas"]
[Black "Thenaar"]
[Result "0-1"]
[WhiteElo "1710"]
[BlackElo "2083"]
[PlyCount "80"]
[EventDate "2009.05.23"]
[EventType "swiss (blitz)"]

1. d4 {[%emt 0:00:05]} Nf6 {[%emt 0:01:27]} 2. Nf3 {[%emt 0:00:06]} d5 {[%emt
0:00:08]} 3. c4 {[%emt 0:00:03]} dxc4 {[%emt 0:00:13]} 4. e3 {[%emt 0:00:08]}
Bg4 {[%emt 0:00:05]} 5. Bxc4 {[%emt 0:00:02]} e6 {[%emt 0:00:01]} 6. h3 {[%emt
0:00:02]} Bxf3 {[%emt 0:00:01]} 7. Qxf3 {[%emt 0:00:02]} c6 {[%emt 0:00:00]} 8.
O-O {[%emt 0:00:02]} Bd6 {[%emt 0:00:01]} 9. Nc3 {[%emt 0:00:02]} O-O {[%emt 0:
00:01]} 10. a3 {[%emt 0:00:07]} c5 {[%emt 0:00:01]} 11. d5 {[%emt 0:00:06]}
exd5 {[%emt 0:00:02]} 12. Nxd5 {[%emt 0:00:06]} Nxd5 {[%emt 0:00:02]} 13. Bxd5
{[%emt 0:00:01]} Nc6 {[%emt 0:00:01]} 14. Bxc6 {[%emt 0:00:01]} bxc6 {[%emt 0:
00:01]} 15. Qxc6 {[%emt 0:00:01]} Rb8 {[%emt 0:00:01]} 16. Bd2 {[%emt 0:00:13]}
Rxb2 {[%emt 0:00:11]} 17. Ba5 {[%emt 0:00:03]} Qf6 {[%emt 0:00:08]} 18. Rfd1 {
[%emt 0:00:13]} Be5 {[%emt 0:00:03]} 19. Qxf6 {[%emt 0:00:07]} Bxf6 {[%emt 0:
00:00]} 20. Rac1 {[%emt 0:00:02]} Rc8 {[%emt 0:00:04]} 21. Rd7 {[%emt 0:00:08]}
h6 {[%emt 0:00:12]} 22. Rxa7 {[%emt 0:00:04]} c4 {[%emt 0:00:01]} 23. Bb4 {
[%emt 0:00:10]} c3 {[%emt 0:00:09]} 24. Rd7 {[%emt 0:00:15]} c2 {[%emt 0:00:03]
} 25. Kh2 {[%emt 0:00:26]} Rb1 {[%emt 0:00:13]} 26. Bd2 {[%emt 0:00:03]} Bb2 {
[%emt 0:00:01]} 27. Rxc2 {[%emt 0:00:28]} Rxc2 {[%emt 0:00:03]} 28. Bb4 {[%emt
0:00:01]} Be5+ {[%emt 0:00:04]} 29. f4 {[%emt 0:00:07]} Bf6 {[%emt 0:00:04]}
30. e4 {[%emt 0:00:12]} Rbb2 {[%emt 0:00:02]} 31. e5 {[%emt 0:00:07]} Rxg2+ {
[%emt 0:00:05]} 32. Kh1 {[%emt 0:00:02]} Bh4 {[%emt 0:00:06]} 33. Rd3 {[%emt 0:
00:15]} Rh2+ {[%emt 0:00:06]} 34. Kg1 {[%emt 0:00:02]} Rbg2+ {[%emt 0:00:05]}
35. Kf1 {[%emt 0:00:01]} Rf2+ {[%emt 0:00:01]} 36. Kg1 {[%emt 0:00:01]} Rhg2+ {
[%emt 0:00:01]} 37. Kh1 {[%emt 0:00:01]} Rg3 {[%emt 0:00:01]} 38. Rxg3 {[%emt
0:00:05]} Bxg3 {[%emt 0:00:01]} 39. Kg1 {[%emt 0:00:01]} Ra2 {[%emt 0:00:02]}
40. Bd6 {[%emt 0:00:04]} Bxf4 {[%emt 0:00:09] Musterlukas resigns} 0-1

[Event "Villarobledo Online Qualifyer"]
[Site "playchess.com #155672"]
[Date "2009.05.23"]
[Round "4"]
[White "Kendo"]
[Black "Mtv star"]
[Result "1-0"]
[WhiteElo "2696"]
[BlackElo "2359"]
[PlyCount "123"]
[EventDate "2009.05.23"]
[EventType "swiss (blitz)"]

1. d4 {[%emt 0:00:03]} d5 {[%emt 0:00:01]} 2. Bg5 {[%emt 0:00:02]} c5 {[%emt 0:
00:06]} 3. c3 {[%emt 0:00:06]} cxd4 {[%emt 0:00:02]} 4. cxd4 {[%emt 0:00:03]}
Nc6 {[%emt 0:00:01]} 5. Nf3 {[%emt 0:00:01]} h6 {[%emt 0:00:10]} 6. Bf4 {[%emt
0:00:10]} Nf6 {[%emt 0:00:02]} 7. Nc3 {[%emt 0:00:04]} a6 {[%emt 0:00:04]} 8.
e3 {[%emt 0:00:04]} e6 {[%emt 0:00:11]} 9. Bd3 {[%emt 0:00:04]} Bd6 {[%emt 0:
00:03]} 10. Bg3 {[%emt 0:00:03]} O-O {[%emt 0:00:07]} 11. O-O {[%emt 0:00:04]}
Bxg3 {[%emt 0:00:02]} 12. hxg3 {[%emt 0:00:01]} b5 {[%emt 0:00:01]} 13. Rc1 {
[%emt 0:00:03]} Bd7 {[%emt 0:00:02]} 14. Bb1 {[%emt 0:00:06]} Ne8 {[%emt 0:00:
08]} 15. Qd3 {[%emt 0:00:04]} f5 {[%emt 0:00:01]} 16. Ne2 {[%emt 0:00:06]} Nd6
{[%emt 0:00:10]} 17. Ne5 {[%emt 0:00:04]} Nxe5 {[%emt 0:00:09]} 18. dxe5 {
[%emt 0:00:00]} Nc4 {[%emt 0:00:01]} 19. Qd4 {[%emt 0:00:19]} Qb8 {[%emt 0:00:
08]} 20. f4 {[%emt 0:00:06]} Qa7 {[%emt 0:00:07]} 21. b3 {[%emt 0:00:44]} Nxe3
{[%emt 0:00:19]} 22. Rf3 {[%emt 0:00:06]} Qxd4 {[%emt 0:00:31]} 23. Nxd4 {
[%emt 0:00:00]} Ng4 {[%emt 0:00:30]} 24. Rc7 {[%emt 0:00:08]} Rfd8 {[%emt 0:00:
13]} 25. Rfc3 {[%emt 0:00:06]} Rdc8 {[%emt 0:00:10]} 26. Bd3 {[%emt 0:00:39] .}
Rxc7 {[%emt 0:00:20]} 27. Rxc7 {[%emt 0:00:00]} Rc8 {[%emt 0:00:12]} 28. Rxd7 {
[%emt 0:00:03]} Rc1+ {[%emt 0:00:00]} 29. Bf1 {[%emt 0:00:01]} Ne3 {[%emt 0:00:
01]} 30. Kf2 {[%emt 0:00:03]} Nxf1 {[%emt 0:00:05]} 31. Nxe6 {[%emt 0:00:01]}
Nd2 {[%emt 0:00:01] Mtv star offers a draw} 32. Rxg7+ {[%emt 0:00:20]} Kh8 {
[%emt 0:00:01]} 33. Rg6 {[%emt 0:00:02]} Ne4+ {[%emt 0:00:00]} 34. Ke3 {[%emt
0:00:01]} Rd1 {[%emt 0:00:03]} 35. Nd4 {[%emt 0:00:12]} Re1+ {[%emt 0:00:02]}
36. Kf3 {[%emt 0:00:02]} Rf1+ {[%emt 0:00:04]} 37. Ke2 {[%emt 0:00:02]} Rf2+ {
[%emt 0:00:01]} 38. Ke3 {[%emt 0:00:02]} Rxg2 {[%emt 0:00:02]} 39. Nxf5 {[%emt
0:00:01]} Rxa2 {[%emt 0:00:03]} 40. e6 {[%emt 0:00:03]} Kh7 {[%emt 0:00:03]}
41. Rg7+ {[%emt 0:00:02]} Kh8 {[%emt 0:00:01]} 42. e7 {[%emt 0:00:05]} Nf6 {
[%emt 0:00:01]} 43. Rg6 {[%emt 0:00:02]} Ne8 {[%emt 0:00:02]} 44. Nxh6 {[%emt
0:00:01]} Kh7 {[%emt 0:00:02]} 45. Rg8 {[%emt 0:00:03]} Nf6 {[%emt 0:00:01]}
46. Rf8 {[%emt 0:00:02]} Ra1 {[%emt 0:00:03]} 47. Rxf6 {[%emt 0:00:02]} Re1+ {
[%emt 0:00:01]} 48. Kd4 {[%emt 0:00:01]} Rxe7 {[%emt 0:00:00]} 49. Rf7+ {[%emt
0:00:01]} Rxf7 {[%emt 0:00:02]} 50. Nxf7 {[%emt 0:00:00]} a5 {[%emt 0:00:01]}
51. Kxd5 {[%emt 0:00:01]} a4 {[%emt 0:00:00]} 52. bxa4 {[%emt 0:00:00]} bxa4 {
[%emt 0:00:00]} 53. Kc4 {[%emt 0:00:01]} a3 {[%emt 0:00:00]} 54. Kb3 {[%emt 0:
00:01]} a2 {[%emt 0:00:00]} 55. Kxa2 {[%emt 0:00:01]} Kg7 {[%emt 0:00:13]} 56.
Nd6 {[%emt 0:00:03]} Kf6 {[%emt 0:00:00]} 57. g4 {[%emt 0:00:01]} Ke6 {[%emt 0:
00:02]} 58. Nc4 {[%emt 0:00:04]} Kd5 {[%emt 0:00:04]} 59. f5 {[%emt 0:00:03]}
Kxc4 {[%emt 0:00:01]} 60. f6 {[%emt 0:00:01]} Kd5 {[%emt 0:00:00]} 61. f7 {
[%emt 0:00:01]} Ke6 {[%emt 0:00:00]} 62. f8=Q {[%emt 0:00:01]} 1-0

[Event "Villarobledo Online Qualifyer"]
[Site "playchess.com #155672"]
[Date "2009.05.23"]
[Round "4"]
[White "Africanchamp"]
[Black "Shatterhand"]
[Result "1-0"]
[WhiteElo "2882"]
[BlackElo "2422"]
[PlyCount "109"]
[EventDate "2009.05.23"]
[EventType "swiss (blitz)"]

1. e4 {[%emt 0:00:25]} c5 {[%emt 0:00:03]} 2. Nf3 {[%emt 0:00:02]} Nc6 {[%emt
0:00:01]} 3. d4 {[%emt 0:00:02]} cxd4 {[%emt 0:00:00]} 4. Nxd4 {[%emt 0:00:01]}
Nf6 {[%emt 0:00:00]} 5. Nc3 {[%emt 0:00:02]} e5 {[%emt 0:00:01]} 6. Ndb5 {
[%emt 0:00:01]} d6 {[%emt 0:00:01]} 7. Bg5 {[%emt 0:00:01]} a6 {[%emt 0:00:01]}
8. Na3 {[%emt 0:00:06]} b5 {[%emt 0:00:01]} 9. Nd5 {[%emt 0:00:01]} Be7 {[%emt
0:00:01]} 10. Bxf6 {[%emt 0:00:01]} Bxf6 {[%emt 0:00:00]} 11. c3 {[%emt 0:00:
01]} O-O {[%emt 0:00:01]} 12. Be2 {[%emt 0:00:02]} Bb7 {[%emt 0:00:09]} 13. Nc2
{[%emt 0:00:03]} Bg5 {[%emt 0:00:01]} 14. a4 {[%emt 0:00:03]} bxa4 {[%emt 0:00:
01]} 15. O-O {[%emt 0:00:02]} Nb8 {[%emt 0:00:02]} 16. Rxa4 {[%emt 0:00:04]}
Nd7 {[%emt 0:00:00]} 17. g3 {[%emt 0:00:21]} Bxd5 {[%emt 0:00:29]} 18. exd5 {
[%emt 0:00:04]} a5 {[%emt 0:00:04]} 19. Bb5 {[%emt 0:00:03]} Nc5 {[%emt 0:00:
03]} 20. Ra2 {[%emt 0:00:04]} Qb6 {[%emt 0:00:02]} 21. Bc6 {[%emt 0:00:01]}
Rab8 {[%emt 0:00:09]} 22. Na3 {[%emt 0:00:03]} Qb3 {[%emt 0:00:15]} 23. Qxb3 {
[%emt 0:00:05]} Rxb3 {[%emt 0:00:00]} 24. Nc4 {[%emt 0:00:01]} Rfb8 {[%emt 0:
00:03]} 25. Ba4 {[%emt 0:00:22]} Nxa4 {[%emt 0:00:06]} 26. Rxa4 {[%emt 0:00:01]
} Bd8 {[%emt 0:00:19]} 27. Nxd6 {[%emt 0:00:19]} Rxb2 {[%emt 0:00:04]} 28. Nc4
{[%emt 0:00:01]} Rc2 {[%emt 0:00:08]} 29. Nxe5 {[%emt 0:00:01]} Rxc3 {[%emt 0:
00:06]} 30. Nc6 {[%emt 0:00:02]} Rc8 {[%emt 0:00:08]} 31. Rd1 {[%emt 0:00:08]}
g6 {[%emt 0:00:08]} 32. Re4 {[%emt 0:00:13]} Kf8 {[%emt 0:00:20]} 33. Rde1 {
[%emt 0:00:08]} Bb6 {[%emt 0:00:03]} 34. Rb1 {[%emt 0:00:01]} Bd8 {[%emt 0:00:
22]} 35. Rb7 {[%emt 0:00:04]} Rd3 {[%emt 0:00:08]} 36. Rf4 {[%emt 0:00:12]} f6
{[%emt 0:00:11]} 37. Nxd8 {[%emt 0:00:03]} Rxd8 {[%emt 0:00:01]} 38. Rxf6+ {
[%emt 0:00:01]} Kg8 {[%emt 0:00:01]} 39. Rff7 {[%emt 0:00:01]} h5 {[%emt 0:00:
21]} 40. Rg7+ {[%emt 0:00:04]} Kf8 {[%emt 0:00:08]} 41. Rbf7+ {[%emt 0:00:01]}
Ke8 {[%emt 0:00:01]} 42. Ra7 {[%emt 0:00:01]} Kf8 {[%emt 0:00:04]} 43. Rxg6 {
[%emt 0:00:01]} R3xd5 {[%emt 0:00:02]} 44. Rh6 {[%emt 0:00:02]} Kg8 {[%emt 0:
00:01]} 45. h4 {[%emt 0:00:09]} Rf8 {[%emt 0:00:03]} 46. Rhh7 {[%emt 0:00:06]}
Rfd8 {[%emt 0:00:02]} 47. Rag7+ {[%emt 0:00:03]} Kf8 {[%emt 0:00:01]} 48. Ra7 {
[%emt 0:00:06]} Kg8 {[%emt 0:00:01]} 49. Kg2 {[%emt 0:00:01]} Re5 {[%emt 0:00:
06]} 50. Rhg7+ {[%emt 0:00:05]} Kf8 {[%emt 0:00:01]} 51. Rg6 {[%emt 0:00:05]}
Red5 {[%emt 0:00:02]} 52. Rga6 {[%emt 0:00:03]} Kg8 {[%emt 0:00:09]} 53. Rxa5 {
[%emt 0:00:01]} Rd2 {[%emt 0:00:00]} 54. Rg5+ {[%emt 0:00:04]} Kf8 {[%emt 0:00:
02]} 55. Rxh5 {[%emt 0:00:01] Shatterhand gibt auf} 1-0

[Event "Villarobledo Online Qualifyer"]
[Site "playchess.com #155672"]
[Date "2009.05.23"]
[Round "4"]
[White "The bluff"]
[Black "Voxmx"]
[Result "1-0"]
[WhiteElo "2191"]
[BlackElo "1756"]
[PlyCount "119"]
[EventDate "2009.05.23"]
[EventType "swiss (blitz)"]

1. e4 {[%emt 0:00:03]} e5 {[%emt 0:00:01]} 2. f4 {[%emt 0:00:04]} d5 {[%emt 0:
00:04]} 3. exd5 {[%emt 0:00:01]} e4 {[%emt 0:00:00]} 4. Nc3 {[%emt 0:00:02]}
Nf6 {[%emt 0:00:02]} 5. d3 {[%emt 0:00:08]} Bb4 {[%emt 0:00:03]} 6. dxe4 {
[%emt 0:00:02]} Bxc3+ {[%emt 0:00:19]} 7. bxc3 {[%emt 0:00:01]} Nxe4 {[%emt 0:
00:01]} 8. Qd3 {[%emt 0:00:30]} O-O {[%emt 0:00:11]} 9. Nf3 {[%emt 0:00:03]}
Re8 {[%emt 0:00:19]} 10. Be2 {[%emt 0:00:02]} Nc5 {[%emt 0:00:13]} 11. Qd4 {
[%emt 0:00:07]} b6 {[%emt 0:00:03]} 12. Bb2 {[%emt 0:00:14]} Nbd7 {[%emt 0:00:
12]} 13. Ne5 {[%emt 0:00:05]} Bb7 {[%emt 0:00:11]} 14. O-O {[%emt 0:00:06]}
Nxe5 {[%emt 0:00:16]} 15. fxe5 {[%emt 0:00:02]} Bxd5 {[%emt 0:00:07]} 16. Rad1
{[%emt 0:00:18]} Be6 {[%emt 0:00:06]} 17. Qf4 {[%emt 0:00:04]} Qe7 {[%emt 0:00:
04]} 18. Qg3 {[%emt 0:00:20]} Red8 {[%emt 0:00:03]} 19. Rxd8+ {[%emt 0:00:01]}
Rxd8 {[%emt 0:00:02]} 20. Bc1 {[%emt 0:00:04]} Ne4 {[%emt 0:00:33]} 21. Qf4 {
[%emt 0:00:13]} Nc5 {[%emt 0:00:03]} 22. Kh1 {[%emt 0:00:15]} Rf8 {[%emt 0:00:
03]} 23. Ba3 {[%emt 0:00:02]} Rd8 {[%emt 0:00:01]} 24. Qg3 {[%emt 0:00:06]} Qd7
{[%emt 0:00:07]} 25. Bc1 {[%emt 0:00:06]} Ne4 {[%emt 0:00:03]} 26. Qf4 {[%emt
0:00:02]} Nc5 {[%emt 0:00:02]} 27. Bh5 {[%emt 0:00:02]} g6 {[%emt 0:00:02]} 28.
Be2 {[%emt 0:00:03]} Bf5 {[%emt 0:00:08]} 29. Qg3 {[%emt 0:00:09]} Qd5 {[%emt
0:00:03]} 30. Bg5 {[%emt 0:00:16]} Rd7 {[%emt 0:00:04]} 31. c4 {[%emt 0:00:13]}
Qe6 {[%emt 0:00:01]} 32. Bf3 {[%emt 0:00:04]} Ne4 {[%emt 0:00:04]} 33. Bxe4 {
[%emt 0:00:01]} Bxe4 {[%emt 0:00:00]} 34. Bf6 {[%emt 0:00:01]} Qxc4 {[%emt 0:
00:07]} 35. Rg1 {[%emt 0:00:04]} Qc5 {[%emt 0:00:08]} 36. Qh4 {[%emt 0:00:03]}
Bf5 {[%emt 0:00:03]} 37. Rf1 {[%emt 0:00:11]} Bxc2 {[%emt 0:00:09]} 38. h3 {
[%emt 0:00:01]} Rd1 {[%emt 0:00:02]} 39. Rxd1 {[%emt 0:00:03]} Bxd1 {[%emt 0:
00:00]} 40. Qh6 {[%emt 0:00:01]} Qf8 {[%emt 0:00:01]} 41. Qd2 {[%emt 0:00:01]}
Bh5 {[%emt 0:00:02]} 42. g4 {[%emt 0:00:01]} Qa8+ {[%emt 0:00:03]} 43. Kh2 {
[%emt 0:00:01]} Bxg4 {[%emt 0:00:02]} 44. hxg4 {[%emt 0:00:00]} c5 {[%emt 0:00:
01]} 45. Qh6 {[%emt 0:00:01]} Qf8 {[%emt 0:00:02]} 46. Qg5 {[%emt 0:00:01]} h6
{[%emt 0:00:03]} 47. Qf4 {[%emt 0:00:02]} g5 {[%emt 0:00:01]} 48. Qg3 {[%emt 0:
00:02]} Qe8 {[%emt 0:00:01]} 49. Qh3 {[%emt 0:00:01]} Qf8 {[%emt 0:00:02]} 50.
Qd3 {[%emt 0:00:01]} Qe8 {[%emt 0:00:03]} 51. Qd8 {[%emt 0:00:01]} Qxd8 {[%emt
0:00:01]} 52. Bxd8 {[%emt 0:00:00]} b5 {[%emt 0:00:01]} 53. Kg2 {[%emt 0:00:02]
} b4 {[%emt 0:00:01]} 54. Be7 {[%emt 0:00:02]} Kg7 {[%emt 0:00:07]} 55. Bxc5 {
[%emt 0:00:01]} a5 {[%emt 0:00:00]} 56. Bb6 {[%emt 0:00:01]} a4 {[%emt 0:00:02]
} 57. Kf3 {[%emt 0:00:03]} f6 {[%emt 0:00:02]} 58. e6 {[%emt 0:00:02]} Kf8 {
[%emt 0:00:02]} 59. Bc5+ {[%emt 0:00:01]} Ke8 {[%emt 0:00:01]} 60. Bxb4 {[%emt
0:00:00] Voxmx rinde} 1-0

[Event "Villarobledo Online Qualifyer"]
[Site "playchess.com #155672"]
[Date "2009.05.23"]
[Round "4"]
[White "Ricardov"]
[Black "Torresh"]
[Result "1/2-1/2"]
[WhiteElo "2412"]
[BlackElo "2039"]
[PlyCount "116"]
[EventDate "2009.05.23"]
[EventType "swiss (blitz)"]

1. e4 {[%emt 0:00:01]} c5 {[%emt 0:00:01]} 2. Nf3 {[%emt 0:00:01]} d6 {[%emt 0:
00:01]} 3. d4 {[%emt 0:00:01]} cxd4 {[%emt 0:00:00]} 4. Nxd4 {[%emt 0:00:00]}
Nf6 {[%emt 0:00:01]} 5. Nc3 {[%emt 0:00:00]} a6 {[%emt 0:00:00]} 6. Be2 {[%emt
0:00:02]} e6 {[%emt 0:00:02]} 7. O-O {[%emt 0:00:01]} Be7 {[%emt 0:00:01]} 8.
a4 {[%emt 0:00:02]} Nc6 {[%emt 0:00:02]} 9. Be3 {[%emt 0:00:01]} O-O {[%emt 0:
00:01]} 10. f4 {[%emt 0:00:02]} Qc7 {[%emt 0:00:03]} 11. Kh1 {[%emt 0:00:02]}
Re8 {[%emt 0:00:02]} 12. Bf3 {[%emt 0:00:01]} Bd7 {[%emt 0:00:06]} 13. g4 {
[%emt 0:00:06]} Nxd4 {[%emt 0:00:10]} 14. Bxd4 {[%emt 0:00:01]} Bc6 {[%emt 0:
00:03]} 15. g5 {[%emt 0:00:02]} Nd7 {[%emt 0:00:01]} 16. Bg2 {[%emt 0:00:09]}
b5 {[%emt 0:00:04]} 17. axb5 {[%emt 0:00:21]} axb5 {[%emt 0:00:02]} 18. Rxa8 {
[%emt 0:00:04]} Rxa8 {[%emt 0:00:00]} 19. Qg4 {[%emt 0:00:01]} b4 {[%emt 0:00:
05]} 20. Nd1 {[%emt 0:00:01]} Nc5 {[%emt 0:00:26]} 21. f5 {[%emt 0:00:08]} e5 {
[%emt 0:00:02]} 22. Bxc5 {[%emt 0:00:09]} dxc5 {[%emt 0:00:02]} 23. f6 {[%emt
0:00:00]} Bf8 {[%emt 0:00:03]} 24. fxg7 {[%emt 0:00:01]} Bxg7 {[%emt 0:00:03]}
25. Ne3 {[%emt 0:00:01]} Bb5 {[%emt 0:00:22]} 26. Nd5 {[%emt 0:00:05]} Qd6 {
[%emt 0:00:08]} 27. Rd1 {[%emt 0:00:12]} Kh8 {[%emt 0:00:18]} 28. Nf6 {[%emt 0:
00:08]} Qa6 {[%emt 0:00:08]} 29. Qf5 {[%emt 0:00:15]} Bxf6 {[%emt 0:00:05]} 30.
gxf6 {[%emt 0:00:05]} Rg8 {[%emt 0:00:02]} 31. Qxe5 {[%emt 0:00:03]} Be2 {
[%emt 0:00:09]} 32. Rg1 {[%emt 0:00:11]} Qc4 {[%emt 0:00:05]} 33. c3 {[%emt 0:
00:18]} Qd3 {[%emt 0:00:15]} 34. Qxc5 {[%emt 0:00:19]} Bf3 {[%emt 0:00:02]} 35.
Qf2 {[%emt 0:00:06]} Bxg2+ {[%emt 0:00:17]} 36. Rxg2 {[%emt 0:00:06]} Qb1+ {
[%emt 0:00:10]} 37. Qg1 {[%emt 0:00:04]} Qxe4 {[%emt 0:00:02]} 38. h3 {[%emt 0:
00:04]} Qf3 {[%emt 0:00:07]} 39. Kh2 {[%emt 0:00:02]} Qf4+ {[%emt 0:00:02]} 40.
Rg3 {[%emt 0:00:01]} bxc3 {[%emt 0:00:01]} 41. bxc3 {[%emt 0:00:02]} Rxg3 {
[%emt 0:00:26]} 42. Qxg3 {[%emt 0:00:01]} Qxf6 {[%emt 0:00:06]} 43. h4 {[%emt
0:00:03]} Qe6 {[%emt 0:00:08]} 44. Qb8+ {[%emt 0:00:14] .} Kg7 {[%emt 0:00:01]}
45. Qg3+ {[%emt 0:00:01]} Kh8 {[%emt 0:00:01]} 46. Qd3 {[%emt 0:00:08]} Qe5+ {
[%emt 0:00:03]} 47. Kh3 {[%emt 0:00:02]} Qe6+ {[%emt 0:00:01]} 48. Kg3 {[%emt
0:00:01]} Qe5+ {[%emt 0:00:01]} 49. Kg4 {[%emt 0:00:01]} Qe6+ {[%emt 0:00:01]}
50. Qf5 {[%emt 0:00:01]} Qe2+ {[%emt 0:00:02]} 51. Kg5 {[%emt 0:00:02]} Qe3+ {
[%emt 0:00:02]} 52. Qf4 {[%emt 0:00:10]} Qxc3 {[%emt 0:00:05]} 53. Qxf7 {[%emt
0:00:01]} Qg3+ {[%emt 0:00:02]} 54. Kh5 {[%emt 0:00:05]} Qg6+ {[%emt 0:00:06]}
55. Qxg6 {[%emt 0:00:05]} hxg6+ {[%emt 0:00:00] Ricardov offers a draw} 56.
Kxg6 {[%emt 0:00:08]} Kg8 {[%emt 0:00:00]} 57. Kh6 {[%emt 0:00:02]} Kh8 {[%emt
0:00:01]} 58. h5 {[%emt 0:00:01] Torresh ofrece tablas} Kg8 {[%emt 0:00:04]}
1/2-1/2

[Event "Villarobledo Online Qualifyer"]
[Site "playchess.com #155672"]
[Date "2009.05.23"]
[Round "4"]
[White "Vampire__23"]
[Black "Murri"]
[Result "0-1"]
[WhiteElo "2152"]
[BlackElo "1728"]
[PlyCount "192"]
[EventDate "2009.05.23"]
[EventType "swiss (blitz)"]

1. d4 {[%emt 0:00:03]} d5 {[%emt 0:00:01]} 2. Nf3 {[%emt 0:00:01]} e6 {[%emt 0:
00:04]} 3. Bg5 {[%emt 0:00:02]} Be7 {[%emt 0:00:02]} 4. Bxe7 {[%emt 0:00:01]}
Nxe7 {[%emt 0:00:01]} 5. c3 {[%emt 0:00:00]} O-O {[%emt 0:00:01]} 6. e3 {[%emt
0:00:00]} Nd7 {[%emt 0:00:01]} 7. Bd3 {[%emt 0:00:00]} c5 {[%emt 0:00:01]} 8.
O-O {[%emt 0:00:01]} b6 {[%emt 0:00:06]} 9. Nbd2 {[%emt 0:00:01]} Bb7 {[%emt 0:
00:01]} 10. Rc1 {[%emt 0:00:02]} Rc8 {[%emt 0:00:01]} 11. Bb1 {[%emt 0:00:02]}
cxd4 {[%emt 0:00:06]} 12. exd4 {[%emt 0:00:01]} Nc6 {[%emt 0:00:07]} 13. Qc2 {
[%emt 0:00:01]} Nf6 {[%emt 0:00:02]} 14. Ne5 {[%emt 0:00:01]} g6 {[%emt 0:00:
09]} 15. f4 {[%emt 0:00:01]} Nxe5 {[%emt 0:00:12]} 16. fxe5 {[%emt 0:00:01]}
Ne4 {[%emt 0:00:03]} 17. Nxe4 {[%emt 0:00:01]} dxe4 {[%emt 0:00:01]} 18. Qe2 {
[%emt 0:00:02]} f5 {[%emt 0:00:04]} 19. exf6 {[%emt 0:00:01]} Rxf6 {[%emt 0:00:
02]} 20. Bxe4 {[%emt 0:00:01]} Bxe4 {[%emt 0:00:17]} 21. Qxe4 {[%emt 0:00:02]}
Qe7 {[%emt 0:00:00]} 22. Rce1 {[%emt 0:00:03]} Rxf1+ {[%emt 0:00:04]} 23. Rxf1
{[%emt 0:00:01]} Rc7 {[%emt 0:00:08]} 24. Qe5 {[%emt 0:00:04]} Rc8 {[%emt 0:00:
05]} 25. Re1 {[%emt 0:00:01]} Re8 {[%emt 0:00:02]} 26. d5 {[%emt 0:00:01]} Qc5+
{[%emt 0:00:03]} 27. Kh1 {[%emt 0:00:03]} Qf2 {[%emt 0:00:52]} 28. dxe6 {[%emt
0:00:03]} Qxb2 {[%emt 0:00:04]} 29. e7 {[%emt 0:00:03]} Qf2 {[%emt 0:00:07]}
30. Qe6+ {[%emt 0:00:01]} Kg7 {[%emt 0:00:02]} 31. h3 {[%emt 0:00:03]} Qh4 {
[%emt 0:00:05]} 32. Re4 {[%emt 0:00:08]} Qg5 {[%emt 0:00:04]} 33. Qe5+ {[%emt
0:00:04]} Qxe5 {[%emt 0:00:05]} 34. Rxe5 {[%emt 0:00:00]} Kf6 {[%emt 0:00:00]}
35. Re4 {[%emt 0:00:10]} Rxe7 {[%emt 0:00:01]} 36. Ra4 {[%emt 0:00:02]} Ke5 {
[%emt 0:00:03]} 37. Kg1 {[%emt 0:00:03]} Kd5 {[%emt 0:00:01]} 38. Kf2 {[%emt 0:
00:01]} Kc5 {[%emt 0:00:01]} 39. Rb4 {[%emt 0:00:04]} a5 {[%emt 0:00:02]} 40.
Rg4 {[%emt 0:00:03]} Rd7 {[%emt 0:00:06]} 41. Ke3 {[%emt 0:00:03]} Re7+ {[%emt
0:00:03]} 42. Kd3 {[%emt 0:00:01]} Rf7 {[%emt 0:00:01]} 43. a4 {[%emt 0:00:03]}
Rf2 {[%emt 0:00:06]} 44. Rg5+ {[%emt 0:00:01]} Kd6 {[%emt 0:00:04]} 45. Ke3 {
[%emt 0:00:11]} Rc2 {[%emt 0:00:02]} 46. Kd4 {[%emt 0:00:03]} Ra2 {[%emt 0:00:
03]} 47. Rb5 {[%emt 0:00:01]} Kc6 {[%emt 0:00:02]} 48. Rg5 {[%emt 0:00:13]}
Rxa4+ {[%emt 0:00:02]} 49. Kd3 {[%emt 0:00:01]} Ra2 {[%emt 0:00:01]} 50. c4 {
[%emt 0:00:02]} Rf2 {[%emt 0:00:03]} 51. Ke3 {[%emt 0:00:01]} Rf5 {[%emt 0:00:
03]} 52. Rg4 {[%emt 0:00:01]} Kc5 {[%emt 0:00:04]} 53. Kd3 {[%emt 0:00:03]} a4
{[%emt 0:00:09]} 54. Kc3 {[%emt 0:00:02]} Re5 {[%emt 0:00:03]} 55. Rg3 {[%emt
0:00:05]} Re4 {[%emt 0:00:08]} 56. Rg5+ {[%emt 0:00:02]} Kc6 {[%emt 0:00:04]}
57. Kb4 {[%emt 0:00:01]} a3 {[%emt 0:00:03]} 58. Kxa3 {[%emt 0:00:02]} Rxc4 {
[%emt 0:00:01]} 59. Kb3 {[%emt 0:00:01]} Rf4 {[%emt 0:00:02]} 60. Kc3 {[%emt 0:
00:02]} Rf5 {[%emt 0:00:02]} 61. Rg4 {[%emt 0:00:01]} b5 {[%emt 0:00:02]} 62.
Kb4 {[%emt 0:00:01]} Kb6 {[%emt 0:00:02]} 63. Re4 {[%emt 0:00:02]} Rf2 {[%emt
0:00:04]} 64. Re6+ {[%emt 0:00:03]} Kc7 {[%emt 0:00:03]} 65. Kxb5 {[%emt 0:00:
01]} Rxg2 {[%emt 0:00:06]} 66. Re7+ {[%emt 0:00:01]} Kd6 {[%emt 0:00:01]} 67.
Rxh7 {[%emt 0:00:00]} Ke5 {[%emt 0:00:01]} 68. Kc4 {[%emt 0:00:00]} Kf5 {[%emt
0:00:03]} 69. Kd4 {[%emt 0:00:01]} Re2 {[%emt 0:00:03]} 70. Kd3 {[%emt 0:00:01]
} Re6 {[%emt 0:00:02]} 71. Rh4 {[%emt 0:00:10]} g5 {[%emt 0:00:06]} 72. Rg4 {
[%emt 0:00:04]} Rh6 {[%emt 0:00:02]} 73. Rg3 {[%emt 0:00:01]} Kf4 {[%emt 0:00:
01]} 74. Re3 {[%emt 0:00:01]} Rd6+ {[%emt 0:00:02]} 75. Ke2 {[%emt 0:00:01]}
Rd4 {[%emt 0:00:05]} 76. Kf2 {[%emt 0:00:03]} Rd2+ {[%emt 0:00:02]} 77. Re2 {
[%emt 0:00:02]} Rxe2+ {[%emt 0:00:01]} 78. Kxe2 {[%emt 0:00:00]} Kg3 {[%emt 0:
00:01]} 79. Kf1 {[%emt 0:00:01]} Kxh3 {[%emt 0:00:01]} 80. Kg1 {[%emt 0:00:01]}
g4 {[%emt 0:00:01]} 81. Kh1 {[%emt 0:00:01]} g3 {[%emt 0:00:02]} 82. Kg1 {
[%emt 0:00:02]} g2 {[%emt 0:00:01]} 83. Kf2 {[%emt 0:00:03]} Kh2 {[%emt 0:00:
01]} 84. Kf3 {[%emt 0:00:01]} g1=Q {[%emt 0:00:02]} 85. Ke4 {[%emt 0:00:00]}
Qc5 {[%emt 0:00:02]} 86. Kd3 {[%emt 0:00:00]} Qb4 {[%emt 0:00:01]} 87. Kc2 {
[%emt 0:00:00]} Qa3 {[%emt 0:00:01]} 88. Kb1 {[%emt 0:00:02]} Kg2 {[%emt 0:00:
02]} 89. Kc2 {[%emt 0:00:00]} Kf2 {[%emt 0:00:02]} 90. Kd2 {[%emt 0:00:00]}
Qd6+ {[%emt 0:00:04]} 91. Kc3 {[%emt 0:00:01]} Ke3 {[%emt 0:00:01]} 92. Kc2 {
[%emt 0:00:01]} Qc5+ {[%emt 0:00:01]} 93. Kb3 {[%emt 0:00:01]} Kd3 {[%emt 0:00:
01]} 94. Kb2 {[%emt 0:00:00]} Qb4+ {[%emt 0:00:01]} 95. Ka2 {[%emt 0:00:01]}
Kc2 {[%emt 0:00:01]} 96. Ka1 {[%emt 0:00:01]} Qa4# {[%emt 0:00:01]} 0-1